LEADER 01195nam a2200253 4500 001 000000363155 003 CaOOAMICUS 005 20250613125112.0 008 250613s2010 it a 000 u ita r 020 $a978-88-6124-096-4 040 $aSeMil$bita 245 03$aIl pensiero di Lanza del Vasto :$buna risposta al 20. secolo /$ca cura di Antonino Drago. 264 1$aTrapani :$bIl pozzo di Giacobbe,$c2010. 300 $a249 p. ;$c21 cm 490 1 $aOi christianoi. Sezione moderna/contemporanea ;$v6 600 14$aDel Vasto, Lanza (Lanza di Trabia-Branciforte, Giuseppe Giovanni) <1901-1981>.$0(OLS)http://semarc/subject/17540 700 1 $aDrago, Antonino.$0(OLS)http://semarc/name/34289 830 0$aOi christianoi. Sezione moderna/contemporanea ;$v6.$0(OLS)http://semarc/title/40734 850 $aSeMil 852 $aSeMil$W1$xVenegono$y1$m2TA I 6$j258502$B254024$CSeMilBibl$Z2$F254024 $81 996 $6020$a978-88-6124-096-4$9(OLS)http://semarc/number/303356 996 $6245$aIl pensiero di Lanza del Vasto :$buna risposta al 20. secolo$9(OLS)http://semarc/title/454294 996 $6264$aTrapani :$bIl pozzo di Giacobbe$9(OLS)http://semarc/publisher/31941 LEADER 00995nam a2200229 i 4500 001 000000209994 003 CaOOAMICUS 005 20120110000000.0 008 120110s1969 it u000 u ita u 013 $a188786 040 $aSeMil$bita 100 1 $aBriguglio, Letterio.$0(OLS)http://semarc/name/36302 245 13$aIl Partito Operaio Italiano e gli anarchici /$cLetterio Briguglio. 260 $aRoma :$bEdizioni di Storia e Letteratura,$c1969. 300 $aXVI, 304 p. ;$c25 cm. 490 0 $aPolitica e storia : raccolta di studi e testi ;$v22 650 4$aMovimento operaio - Italia.$0(OLS)http://semarc/subject/15175 830 0$aPolitica e storia ;$v22.$0(OLS)http://semarc/title/33504 850 $aSeMil 852 $aSeMil$W1$xVenegono$y1$m3T VI 164$j160445$B160445$CSeMilBibl$Z2$F171402 $81 996 $6245$aIl Partito Operaio Italiano e gli anarchici$9(OLS)http://semarc/title/303608 996 $6260$aRoma :$bEdizioni di Storia e Letteratura$9(OLS)http://semarc/publisher/29779 LEADER 02832nam a2200373 i 4500 001 000000029751 003 CaOOAMICUS 005 20260112085620.0 008 180830s17871788it u000 u ita u 040 $aSeMil$bita 130 0 $aBibbia. Nuovo Testamento.$0(OLS)http://semarc/title/436485 245 10$aNuovo Testamento secondo la volgata tradotto in lingua italiana e con annotazioni dichiarato dall'illustrissimo, e reverendissimo monsignore Antonio Martini arcivescovo di Firenze. Tomo 1. [-6.]. 264 1$aIn Roma :$bper Filippo Neri : si vende da Michelangelo Barbiellini alla Minerva,$c1787-1788. 300 $a6 v. ;$c8°. 500 $aVignetta calcogr. sui front. 650 4$aBibbia - NT - Traduzioni italiane.$0(OLS)http://semarc/subject/4756 700 1 $aMartini, Antonio,$c.$0(OLS)http://semarc/name/887 700 1 $aVescovi, Luigi,$c.$0(OLS)http://semarc/name/13575 710 0 $aNeri, Filippo .$0(OLS)http://semarc/name/13574 774 0 $tTomo 1. che contiene il Santo Vangelo di Gesł Cristo secondo Matteo, e Marco.$g1$w()228903 774 0 $tTomo 2. che contiene il Santo Vangelo di Gesł Cristo secondo Luca, e Giovanni.$g2$w()228905 774 0 $tTomo 3. che contiene gli Atti degli apostoli, e la lettera di S. Paolo a Romani.$g3$w()228904 774 0 $tTomo 4. Che contiene le lettere di S. Paolo a' Corinti, Galati, Efesini, Filippesi, e Colossesi.$g4$w()228906 774 0 $tTomo 5. Che contiene le lettere di S. Paolo a' Tessalonicesi, Timoteo, Tito, Filemone, ed Ebrei.$g5$w()228907 774 0 $tTomo 6. Che contiene le lettere de' santi apostoli Giacomo, Pietro, Giovanni, Giuda, e l'Apocalisse.$g6$w()228909 774 0 $tTomo 1. che contiene il Santo Vangelo di Gesł Cristo secondo Matteo, e Marco.$g1$w()233548 774 0 $tTomo 2. che contiene il Santo Vangelo di Gesł Cristo secondo Luca, e Giovanni.$g2$w()233549 774 0 $tTomo 3. che contiene gli Atti degli apostoli, e la lettera di S. Paolo a Romani.$g3$w()233550 774 0 $tTomo 4. Che contiene le lettere di S. Paolo a' Corinti, Galati, Efesini, Filippesi, e Colossesi.$g4$w()233551 774 0 $tTomo 5. Che contiene le lettere di S. Paolo a' Tessalonicesi, Timoteo, Tito, Filemone, ed Ebrei.$g5$w()233552 774 0 $tTomo 6. Che contiene le lettere de' santi apostoli Giacomo, Pietro, Giovanni, Giuda, e l'Apocalisse.$g6$w()233553 996 $6245$aNuovo Testamento secondo la volgata tradotto in lingua italiana e con annotazioni dichiarato dall'illustrissimo, e reverendissimo monsignore Antonio Martini arcivescovo di Firenze. Tomo 1. [-6.]$9(OLS)http://semarc/title/40453 996 $6264$aIn Roma :$bper Filippo Neri : si vende da Michelangelo Barbiellini alla Minerva$9(OLS)http://semarc/publisher/38589